Statistics for Governorates of Tunisia Map Quiz

Click here to take the quiz!

General Stats

  • This quiz has been taken 373 times
  • The average score is 13 of 24

Answers on the Map

Answers color-coded by a green-red scale on the quiz's map according to % correct below.
 

Answer Stats

Answer% Correct
Tataouine
67%
Tunis
65%
Bizerte
63%
Sfax
62%
Nabeul
60%
Sousse
60%
Kairouan
56%
Monastir
55%
Ben Arous
53%
Médenine
53%
Kasserine
52%
Mahdia
52%
Sidi Bouzid
52%
Béja
51%
Gabès
50%
L'Ariana
50%
Gafsa
48%
Le Kef
48%
Jendouba
47%
Kébili
46%
Tozeur
46%
Zaghouan
46%
La Manouba
43%
Siliana
43%

Score Distribution

Percentile by Number Answered

Percent of People with Each Score

Your Score History

You have not taken this quiz